Bimal in bog / (Record no. 130686)

MARC details
000 -LEADER
fixed length control field 00620nam a22002297a 4500
005 - DATE AND TIME OF LATEST TRANSACTION
control field 20170124110115.0
010 ## - LIBRARY OF CONGRESS CONTROL NUMBER
LC control number B-081487
020 ## - INTERNATIONAL STANDARD BOOK NUMBER
Terms of availability 00.00
International Standard Book Number 8121403472
035 ## - SYSTEM CONTROL NUMBER
System control number B-081487
037 ## - SOURCE OF ACQUISITION
Source of stock number/acquisition Cen Lib/Ret
040 ## - CATALOGING SOURCE
Original cataloging agency DPL
Language of cataloging EN
082 ## - DEWEY DECIMAL CLASSIFICATION NUMBER
Classification number N
Item number VAI
100 ## - MAIN ENTRY--PERSONAL NAME
Personal name Vaid, Krishna Balder
9 (RLIN) 29844
245 ## - TITLE STATEMENT
Title Bimal in bog /
Statement of responsibility, etc by Krishna Balder Vaid
260 ## - PUBLICATION, DISTRIBUTION, ETC. (IMPRINT)
Name of publisher, distributor, etc National publishing house
Place of publication, distribution, etc New Delhi
Date of publication, distribution, etc 2002
270 ## - ADDRESS
City New Delhi
Address 2/35 Ansari road Daryaganj
Postal code 110002
300 ## - PHYSICAL DESCRIPTION
Extent 313p.
Dimensions 21cm(Hb)
650 ## - SUBJECT ADDED ENTRY--TOPICAL TERM
Topical term or geographic name as entry element Literature
9 (RLIN) 6262
650 ## - SUBJECT ADDED ENTRY--TOPICAL TERM
Topical term or geographic name as entry element Fiction
9 (RLIN) 8901
700 ## - ADDED ENTRY--PERSONAL NAME
9 (RLIN) 29816
942 ## - ADDED ENTRY ELEMENTS (KOHA)
Source of classification or shelving scheme Dewey Decimal Classification
Koha item type English Books
Classification part N
Call number suffix VAI
Holdings
Withdrawn status Lost status Damaged status Not for loan Home library Current library Date acquired Source of acquisition Cost, normal purchase price Total Checkouts Full call number Barcode Date last seen Copy number Cost, replacement price Price effective from Koha item type
        Central Library Central Library 10/07/2015 Cen Lib/Ret 0.00   N VAI B-081487 10/07/2015 1 0.00 10/07/2015 English Books

© Delhi Public Library
Hit Counter
free hit counter